<?xml version="1.0" encoding="UTF-8"?>
<record
    xmlns:xsi="http://www.w3.org/2001/XMLSchema-instance"
    xsi:schemaLocation="http://www.loc.gov/MARC21/slim http://www.loc.gov/standards/marcxml/schema/MARC21slim.xsd"
    xmlns="http://www.loc.gov/MARC21/slim">

  <leader>01725nam a22002057a 4500</leader>
  <controlfield tag="008">120726t        xxu||||| |||| 00| 0 eng d</controlfield>
  <datafield tag="020" ind1=" " ind2=" ">
    <subfield code="a">0072448105</subfield>
  </datafield>
  <datafield tag="050" ind1=" " ind2=" ">
    <subfield code="a">RC1210.A6</subfield>
  </datafield>
  <datafield tag="100" ind1=" " ind2=" ">
    <subfield code="a">Arnheim, Daniel D.</subfield>
  </datafield>
  <datafield tag="245" ind1=" " ind2=" ">
    <subfield code="a">Essentials of athletic training. /</subfield>
    <subfield code="c">Daniel D. Arnheim</subfield>
  </datafield>
  <datafield tag="250" ind1=" " ind2=" ">
    <subfield code="a">5th ed.</subfield>
  </datafield>
  <datafield tag="260" ind1=" " ind2=" ">
    <subfield code="a">Boston:</subfield>
    <subfield code="b">McGraw Hill,</subfield>
    <subfield code="c">2002.</subfield>
  </datafield>
  <datafield tag="300" ind1=" " ind2=" ">
    <subfield code="a">xxi, 546 p.:</subfield>
    <subfield code="b">ill.;</subfield>
    <subfield code="c">24cm.</subfield>
  </datafield>
  <datafield tag="500" ind1=" " ind2=" ">
    <subfield code="a">Includes bibliographical references and index.</subfield>
  </datafield>
  <datafield tag="505" ind1=" " ind2=" ">
    <subfield code="a">Contents: Organizing and establishing an effective athletic health care systems: The sports medicine team and their roles -- Organizing and administering an athletic health care program -- Legal  liability and insurance -- Preventing injuries through fitness training -- Nutritional consideration -- Techniques for preventing and minimizing sport-related injuries: Protection sports equipment -- Emergency situations and injury assessment -- Bloodborne pathogens -- Bandaging and taping techniques -- Basics of injury rehabilitation -- Recognition and management of specific injuries and conditions: Recorgnizing different injuries -- The Foot -- The Ankle and lower leg -- The Knee and related structures -- The Thigh, hip, groin, and  pelvis -- The Shoulder complex -- The Elbow, forearm. wrist, and hand -- The Spine -- The Throax and abdomen -- The Head, face, eyes, ears, nose, and throat -- Additional health concerns -- Young athletes -- Appendix A: Recognition of the athletic trainer -- Appendix B: Employment setting for the athletic trainer -- Appendix C: Requirements for certification as an athletic trainer.</subfield>
  </datafield>
  <datafield tag="650" ind1=" " ind2=" ">
    <subfield code="a">Physical education and training. </subfield>
  </datafield>
  <datafield tag="650" ind1=" " ind2=" ">
    <subfield code="a">Sports</subfield>
    <subfield code="x"> education. </subfield>
  </datafield>
  <datafield tag="700" ind1=" " ind2=" ">
    <subfield code="a">Prentice, E. William</subfield>
  </datafield>
  <datafield tag="942" ind1=" " ind2=" ">
    <subfield code="2">lcc</subfield>
    <subfield code="c">BK</subfield>
  </datafield>
  <datafield tag="999" ind1=" " ind2=" ">
    <subfield code="c">1852</subfield>
    <subfield code="d">9352</subfield>
  </datafield>
  <datafield tag="952" ind1=" " ind2=" ">
    <subfield code="0">0</subfield>
    <subfield code="1">0</subfield>
    <subfield code="2">lcc</subfield>
    <subfield code="4">0</subfield>
    <subfield code="7">0</subfield>
    <subfield code="a">WIUC-1</subfield>
    <subfield code="b">WIUC-1</subfield>
    <subfield code="c">GEN</subfield>
    <subfield code="d">2012-07-26</subfield>
    <subfield code="l">0</subfield>
    <subfield code="o">RC1210.A6</subfield>
    <subfield code="p">5053/12</subfield>
    <subfield code="r">2012-07-26 00:00:00</subfield>
    <subfield code="t">1</subfield>
    <subfield code="w">2012-07-26</subfield>
    <subfield code="y">BK</subfield>
  </datafield>
  <datafield tag="952" ind1=" " ind2=" ">
    <subfield code="0">0</subfield>
    <subfield code="1">0</subfield>
    <subfield code="2">lcc</subfield>
    <subfield code="4">0</subfield>
    <subfield code="7">0</subfield>
    <subfield code="a">WIUC-1</subfield>
    <subfield code="b">WIUC-1</subfield>
    <subfield code="c">GEN</subfield>
    <subfield code="d">2012-07-26</subfield>
    <subfield code="l">0</subfield>
    <subfield code="o">RC1210.A61</subfield>
    <subfield code="p">5054/12</subfield>
    <subfield code="r">2012-07-26 00:00:00</subfield>
    <subfield code="t">2</subfield>
    <subfield code="w">2012-07-26</subfield>
    <subfield code="y">BK</subfield>
  </datafield>
  <datafield tag="952" ind1=" " ind2=" ">
    <subfield code="0">0</subfield>
    <subfield code="1">0</subfield>
    <subfield code="2">lcc</subfield>
    <subfield code="4">0</subfield>
    <subfield code="7">0</subfield>
    <subfield code="a">WIUC-1</subfield>
    <subfield code="b">WIUC-1</subfield>
    <subfield code="c">GEN</subfield>
    <subfield code="d">2012-07-26</subfield>
    <subfield code="l">0</subfield>
    <subfield code="o">RC1210.A62</subfield>
    <subfield code="p">5055/12</subfield>
    <subfield code="r">2012-07-26 00:00:00</subfield>
    <subfield code="t">3</subfield>
    <subfield code="w">2012-07-26</subfield>
    <subfield code="y">BK</subfield>
  </datafield>
  <datafield tag="952" ind1=" " ind2=" ">
    <subfield code="0">0</subfield>
    <subfield code="1">0</subfield>
    <subfield code="2">lcc</subfield>
    <subfield code="4">0</subfield>
    <subfield code="7">0</subfield>
    <subfield code="a">WIUC-1</subfield>
    <subfield code="b">WIUC-1</subfield>
    <subfield code="d">2012-07-26</subfield>
    <subfield code="l">0</subfield>
    <subfield code="o">RC1210.A63</subfield>
    <subfield code="p">5056/12</subfield>
    <subfield code="r">2012-07-26 00:00:00</subfield>
    <subfield code="t">4</subfield>
    <subfield code="w">2012-07-26</subfield>
    <subfield code="y">BK</subfield>
  </datafield>
  <datafield tag="952" ind1=" " ind2=" ">
    <subfield code="0">0</subfield>
    <subfield code="1">0</subfield>
    <subfield code="2">lcc</subfield>
    <subfield code="4">0</subfield>
    <subfield code="7">0</subfield>
    <subfield code="a">WIUC-1</subfield>
    <subfield code="b">WIUC-1</subfield>
    <subfield code="c">GEN</subfield>
    <subfield code="d">2012-07-26</subfield>
    <subfield code="l">0</subfield>
    <subfield code="o">RC1210.A64</subfield>
    <subfield code="p">5057/12</subfield>
    <subfield code="r">2012-07-26 00:00:00</subfield>
    <subfield code="t">5</subfield>
    <subfield code="w">2012-07-26</subfield>
    <subfield code="y">BK</subfield>
  </datafield>
</record>
